00395 2200157 4500001002100000005001500021035002000036245005600056100001800112250000600130300001600136260004500152082000800197084001400205020001800219INLIS00000000000003220260406021502 a0010-04260000321 aMengenal Fakta Seru Buah dan Sayur /cLeguty Family0 aLeguty Family a1 a232 :bIlus aTangerang Selatan :bLeguty Media,c2021 a580 a580 LEG m a9786239484347